Proces prípravy a realizácie eventu "Go Forward" diplomová práca

Gespeichert in:
Bibliographische Detailangaben
1. Verfasser: Hájková, Barbora
Körperschaft: Obchodná fakulta EU. Katedra marketingu
Weitere Verfasser: Hanuláková, Eva, 1964-
Format: Buch
Sprache:Slowakisch
Veröffentlicht: Bratislava 2009
Tags: Tag hinzufügen
Keine Tags, Fügen Sie das erste Tag hinzu!

MARC

LEADER 00000nam$a2200000$$$4500
001 0097925
005 20240318135512.6
041 0 |a slo 
044 |a SK 
245 1 0 |a Proces prípravy a realizácie eventu "Go Forward"  |b diplomová práca  |c Barbora Hájková ; škol. Eva Hanuláková 
264 1 |a Bratislava  |c 2009 
300 |a 89 s. 
100 1 |a Hájková, Barbora 
700 1 |a Hanuláková, Eva, 1964- 
710 2 |a Obchodná fakulta EU. Katedra marketingu